| 000 | 00979nam a2200301 a 4500 | ||
|---|---|---|---|
| 001 | 000010478 | ||
| 003 | DO-SdBNP | ||
| 005 | 20180213133611.0 | ||
| 007 | 000010478 | ||
| 008 | 091007s1984 dr 001 p spa d | ||
| 040 |
_aBPMSU _bspa _cBPMSU |
||
| 092 |
_aRD861.44 _bM742p |
||
| 100 | 1 | _aMonegro, Juan | |
| 245 | 1 | 0 |
_aPrimer grito de la sal / _cJuan Monegro. |
| 260 |
_aSanto Domingo : _bGente, _c1984. |
||
| 300 |
_a48 p. ; _c21 cm. |
||
| 590 | _aPerteneció a la biblioteca personal de Juan Isidro Jimenes Grullón. | ||
| 650 | 4 | _aPOESÍA DOMINICANA | |
| 650 | 4 | _aLITERATURA DOMINICANA | |
| 910 | _aValidado. Control de calidad BNPHU | ||
| 930 | 1 |
_lBND01 _mLF1 _hRD861.44 _820110217 _f04 _pHD _g16438 _he. 5 |
|
| 942 |
_2ddc _cBK |
||
| 945 | _aInventariado, 2018/ YL | ||
| 956 |
_aSARMENTERO _b10 _c20091007 _lBND01 _h1048 |
||
| 956 |
_aIGARCIA _b10 _c20091010 _lBND01 _h1228 |
||
| 956 |
_aMMOLINA _b40 _c20111116 _lBND01 _h1003 |
||
| 956 |
_aVMATEO _b10 _c20150811 _lBPMSU _h00151 |
||
| 999 |
_c8178 _d8178 |
||